Gaspar Casal y la medicina de su tiempo / (Record no. 88261)

MARC details
000 -LEADER
campo de control de longitud fija 01062nam a2200241 i 4500
001 - NÚMERO DE CONTROL
campo de control 88261
003 - IDENTIFICADOR DE NÚMERO DE CONTROL
campo de control ES-MaACL
005 - FECHA Y HORA DE LA ÚLTIMA TRANSACCIÓN
campo de control 20250909203621.0
007 - CAMPO FIJO DE DESCRIPCIÓN FÍSICA--INFORMACIÓN GENERAL
campo de control de longitud fija t|
008 - DATOS DE LONGITUD FIJA--INFORMACIÓN GENERAL
campo de control de longitud fija 050103s1959 sp |||| |bspa d
100 1# - ENTRADA PRINCIPAL--NOMBRE DE PERSONA
Nombre de persona Laín Entralgo, Pedro,
Fechas asociadas al nombre 1908-2001
9 (RLIN) 69681
245 10 - MENCIÓN DEL TÍTULO
Título Gaspar Casal y la medicina de su tiempo /
Mención de responsabilidad, etc. Pedro Laín Entralgo
Resto del título . Gaspar Casal hombre del Principado / por Leopoldo Cortejoso . La estela de Casal / por Joaquín García Morán . Treinta y cuatro años vivió Casal en Oviedo / por Luis Alfonso Martínez Cachero.
260 ## - PUBLICACIÓN, DISTRIBUCIÓN, ETC.
Lugar de publicación, distribución, etc. Oviedo :
Nombre del editor, distribuidor, etc. [s.n.,
Fecha de publicación, distribución, etc. 1959] (
Fabricante Tip. Residencia Provincial de Niños)
300 ## - DESCRIPCIÓN FÍSICA
Extensión 60 p. ;
Dimensiones 25 cm.
500 ## - NOTA GENERAL
Nota general Precede al tít: Excma. Diputación Provincial de Oviedo.
600 04 - PUNTO DE ACCESO ADICIONAL DE MATERIA--NOMBRE DE PERSONA
Nombre de persona Casal, Gaspar,
Fechas asociadas al nombre 1680-1759
9 (RLIN) 36046
700 1# - ENTRADA AGREGADA--NOMBRE PERSONAL
Nombre de persona Cortejoso Villanueva, Leopoldo.
9 (RLIN) 40841
700 1# - ENTRADA AGREGADA--NOMBRE PERSONAL
Nombre de persona García Morán, Joaquín.
9 (RLIN) 54991
700 1# - ENTRADA AGREGADA--NOMBRE PERSONAL
Nombre de persona Martínez Cachero, Luis Alfonso.
9 (RLIN) 77906
710 1# - ENTRADA AGREGADA--NOMBRE DE ENTIDAD CORPORATIVA
Nombre de entidad corporativa o nombre de jurisdicción como elemento de entrada Oviedo (Provincia).
Unidad subordinada Diputación Provincial.
9 (RLIN) 6085
852 ## - LOCALIZACIÓN
Ubicación ES-MaACL
Número de control de estantería C-17684
Holdings
Estatus retirado Estado de pérdida Estado de daño No para préstamo Biblioteca de origen Biblioteca actual Ubicación en estantería Fecha de adquisición Fuente de adquisición Total de préstamos Signatura topográfica completa Código de barras Visto por última vez Precio de reemplazo Tipo de ítem Koha
        Biblioteca del Ateneo de Madrid Biblioteca del Ateneo de Madrid Galería 17/01/2008     C-17684 1092198 23/02/2023 23/02/2023 Libro impreso